Marketing Management/ (Record no. 190954)

MARC details
000 -LEADER
fixed length control field 00641nam a22002057a 4500
005 - DATE AND TIME OF LATEST TRANSACTION
control field 20220816120302.0
010 ## - LCCN (DPL NO)
LC control number ENG-134415
020 ## - INTERNATIONAL STANDARD BOOK NUMBER
International Standard Book Number 9789390627301
Terms of availability 250.00
035 ## - SYSTEM CONTROL NUMBER
System control number EN-117947
037 ## - SOURCE OF ACQUISITION
Source of stock number/acquisition DBAD/PUB
082 ## - DEWEY DECIMAL CLASSIFICATION NUMBER
Classification number 658.8
100 ## - MAIN ENTRY--PERSONAL NAME
Personal name Ramar, N.
245 ## - TITLE STATEMENT
Title Marketing Management/
Statement of responsibility, etc N. Ramar, K. Rajamahendran and V. Prabakaran
260 ## - PUBLICATION, DISTRIBUTION, ETC. (IMPRINT)
Place of publication, distribution, etc Gujarat
Name of publisher, distributor, etc Krishna Publication House
Date of publication, distribution, etc 2021
270 ## - ADDRESS
Address No. 303, Yashkunj Apartment, Devbaug, Anantwadi, Bhavnagar
City Gujarat
Postal code 364002
300 ## - PHYSICAL DESCRIPTION
Extent v, 346p.
Dimensions 21cm(pbk)
700 ## - ADDED ENTRY--PERSONAL NAME
Personal name Rajamahendran, K.
700 ## - ADDED ENTRY--PERSONAL NAME
Personal name Prabakaran, V.
942 ## - ADDED ENTRY ELEMENTS (KOHA)
Source of classification or shelving scheme Dewey Decimal Classification
Item type English Books
Classification part 658.8
Call number suffix RAM
Holdings
Withdrawn status Lost status Not for loan Collection code Home library Current library Date acquired Source of acquisition Cost, normal purchase price Full call number Barcode Copy number Cost, replacement price Koha item type
      Non-fiction Bawana Bawana 16/08/2022 DBAD/PUB 250.00 658.8 RAM EN-117947 1 250.00 English Books

© Delhi Public Library
Hit Counter
free hit counter